Kviz o Osječko-baranjskoj županiji - Statistics

General Stats
  • This quiz has been taken 2 times
  • The average score is 16 of 25
Answer Stats
Hint Answer % Correct
Juha od riječnih riba i mljevenih paprika fiš paprikaš
100%
Biskup, političar, teolog i kulturno-znanstveni mecena; podržavao panslavizam pa austro-ugarski trijalizam Josip Juraj Strossmayer
100%
Jedna od najvećih fluvijalno-močvarnih nizina u Europi, poznata po raznovrsnoj flori i fauni Kopački rit
100%
Dvije samoproglašene mikronacije na granici između Hrvatske i Srbije; jedna je libertarijanska, a druga ekološki osviještena Liberland
100%
Rimska kolonija na području današnjeg Osijeka; kod nje se 351. odvila velika bitka za tron između Konstancija II. i Magnencija Mursa
100%
Nadimak grada Đakova {Srce} Slavonije
100%
Projektil zabunom ispucan u zgradu osječke Županijske palače u 19. st.; još uvijek stoji u njenom zidu topovska kugla
100%
Osječka barokna utvrda čiju je izgradnju naredio Eugen Savojski; u 18. i 19. st. multietnički grad Tvrđa
100%
Secesijski i simbolistički slikar (Saloma) Bela Čikoš Sesija
50%
Holivudski filmski producent i preživjeli iz Auschwitza (Schindlerova lista) Branko Lustig
50%
Spomenik auta koji gazi tenk; simbol Osijeka kao nepokorenog grada Crveni {fićo}
50%
Plemkinja, ratna bolničarka i romantička skladateljica (Život cvijeća) Dora Pejačević
50%
Selo sa zbirkom skulptura od hrastovine; središte kolonije naivnog kiparstva Ernestinovo
50%
Slikar, povjesničar umjetnosti, prevoditelj i književnik (Dvije radnje o umjetnosti) Isidor Kršnjavi
50%
Antisrpski političar i vođa Čiste stranke prava Josip Frank
50%
Dezerter iz Prvog svjetskog rata i vođa razbojničke bande Kolo gorskih tića; za neke junak siromašnih Jovan Stanisavljević "Čaruga"
50%
Minimalistički slikar čija je karijera posvećena motivu meandra (K-11-67) Julije Knifer
50%
Običaj crkvenih zvona u 11 sati koji je isprva slavio odlazak posljednjeg turskog vojnika iz Osijeka, a danas služi domaćicama kao tajmer za pripremu knedli knedl sat
50%
Djevojke sela Gorjani koje za blagdan Duhova izvode mačevni ples ljelje
50%
Nadimak osječke humanitarke Pauline Hermann, kao i njenog dvorca Mačkamama
50%
Samoprozvana seljačka republika proglašena usred raspada Austro-Ugarske (1918.) {Petrijevačka} republika
50%
Osječki romantički park i kip posvećen indijskoj mitološkoj kraljici koju je opjevao drevni sanskrtski pjesnik Kālidāsa Sakuntala
50%
Kip komunističkog pisca Augusta Cesarca čija se silueta nalazi i na osječkim pješačkim semaforima Šetač
50%
Verdis
50%
Franjevac, latinist, arheolog, numizmatičar, povjesničar, kartograf, leksikograf, prevoditelj i pjesnik (Fructus auctumnales) Matija Petar Katančić
0%
No matching quizzes found
Score Distribution
Percent of People with Each Score
Percentile by Number Answered
Your Score History
You have not taken this quiz